[Event "V Open"]
[Site "Crema ITA"]
[Date "2003.09.05"]
[Round "2"]
[White "Bassi, Serena"]
[Black "Frova, Martino"]
[Result "1/2-1/2"]
[WhiteElo "1347"]
[BlackElo "1600"]
[PlyCount "90"]
[EventDate "2003.09.05"]

1. e4 c5 2. Nc3 Nc6 3. g3 g6 4. Bg2 Bg7 5. d3 e6 6. f4 Nge7 7. Be3 b6 8. Nf3 d5
9. exd5 exd5 10. Bd2 O-O 11. O-O Bb7 12. Re1 Rc8 13. Ne5 Nxe5 14. fxe5 Bc6 15.
Bf4 d4 16. Ne4 Nd5 17. Bg5 f6 18. exf6 Bxf6 19. Nxf6+ Nxf6 20. Bxc6 Rxc6 21.
Qf3 Qd7 22. Bh6 Rf7 23. Qe2 Rc8 24. Bg5 Re8 25. Qg2 b5 26. Rxe8+ Qxe8 27. Rf1
Kg7 28. Bxf6+ Rxf6 29. Rxf6 Kxf6 30. Qf3+ Ke6 31. Qe4+ Kd7 32. Qd5+ Kc7 33.
Qxc5+ Kb7 34. Qd5+ Ka6 35. Qd6+ Kb7 36. Qxd4 Qe1+ 37. Kg2 Qe2+ 38. Qf2 Qe6 39.
Qf3+ Ka6 40. b3 Qe5 41. Qc6+ Ka5 42. Qe4 Qb2 43. Qe1+ Kb6 44. Qe6+ Ka5 45. Qe1+
Kb6 1/2-1/2

[Event "V Open"]
[Site "Crema ITA"]
[Date "2003.09.05"]
[Round "2"]
[White "Bellani, Alessandro"]
[Black "Mussap, Angelo"]
[Result "1-0"]
[WhiteElo "1810"]
[BlackElo "1831"]
[PlyCount "73"]
[EventDate "2003.09.05"]

1. d4 d5 2. e3 g6 3. Bd3 Bg7 4. f4 b6 5. Nf3 Nh6 6. c4 e6 7. Nc3 O-O 8. Bd2 Bb7
9. Rc1 Ba6 10. Qa4 c6 11. O-O dxc4 12. Be4 b5 13. Qa3 Qb6 14. Ne2 f5 15. Ba5
Qb7 16. Bb1 Qd7 17. Rfd1 Bb7 18. Ne5 Qc8 19. b3 Bxe5 20. dxe5 c5 21. bxc4 Qc6
22. e4 b4 23. Qh3 Nf7 24. Ng3 Nd7 25. exf5 exf5 26. Nxf5 Rae8 27. Nd6 Nb6 28.
Be4 Qc7 29. Nxb7 Qe7 30. Bxb6 axb6 31. Bd5 Kg7 32. Qg3 Nh6 33. Nd6 Rd8 34. Be4
Rd7 35. f5 Rxf5 36. Nxf5+ Nxf5 37. Bxf5 1-0

[Event "V Open"]
[Site "Crema ITA"]
[Date "2003.09.05"]
[Round "2"]
[White "Beretta, Giovanni"]
[Black "Donnoli, Giorgio"]
[Result "1-0"]
[WhiteElo "1437"]
[BlackElo "1485"]
[PlyCount "145"]
[EventDate "2003.09.05"]

1. c4 Nf6 2. Nc3 d6 3. g3 g6 4. Bg2 Bg7 5. d3 O-O 6. Nf3 Nc6 7. Be3 b6 8. Nd4
Nxd4 9. Bxa8 Nf5 10. Qd2 Nxe3 11. Qxe3 Bh3 12. Bc6 Ng4 13. Qg5 Bf6 14. Qd2 Bd4
15. e3 Bg7 16. O-O-O Ne5 17. Be4 f5 18. Bd5+ Kh8 19. f4 Nd7 20. Nb5 a6 21. Nd4
Qb8 22. Ne6 Rf6 23. Nxg7 Kxg7 24. Rde1 e6 25. Bc6 Nf8 26. Rhg1 h6 27. e4 Qd8
28. e5 Rf7 29. Qc3 Kg8 30. d4 g5 31. d5 dxe5 32. dxe6 Nxe6 33. Qxe5 Nc5 34.
Qe8+ Qxe8 35. Rxe8+ Kg7 36. b4 Nd3+ 37. Kd2 Nxb4 38. Bb7 Nxa2 39. Bxa6 Rd7+ 40.
Ke3 Nb4 41. Bc8 Rd3+ 42. Kf2 Kf7 43. Rge1 Rd2+ 44. R8e2 Nd3+ 45. Ke3 Rxe2+ 46.
Rxe2 Nc5 47. Ra2 Ke7 48. Ra7 Kd6 49. Kd4 Ne4 50. Bb7 Nd2 51. Ra8 Nf1 52. Rh8
c5+ 53. Kd3 g4 54. Rxh6+ Kc7 55. Bd5 Nxh2 56. Rf6 Nf1 57. Rxf5 Nxg3 58. Rf7+
Kd6 59. Rf6+ Kc7 60. f5 Nh5 61. Rf7+ Kd6 62. Rh7 Nf4+ 63. Ke4 Nxd5 64. Rh6+
Nf6+ 65. Rxf6+ Ke7 66. Rxb6 g3 67. Rb1 g2 68. Ke5 Bxf5 69. Kxf5 Kd6 70. Rg1 Kc6
71. Rxg2 Kb6 72. Ke5 Kc6 73. Rb2 1-0

[Event "V Open"]
[Site "Crema ITA"]
[Date "2003.09.05"]
[Round "2"]
[White "Biava, Pierluigi"]
[Black "Garofalo, Sergio"]
[Result "0-1"]
[WhiteElo "1612"]
[BlackElo "1657"]
[PlyCount "52"]
[EventDate "2003.09.05"]

1. e4 e5 2. Nf3 Nc6 3. Bb5 g6 4. c3 Bg7 5. O-O h6 6. d3 Nge7 7. Be3 O-O 8. d4
exd4 9. cxd4 d5 10. Nc3 dxe4 11. Nxe4 Bg4 12. Qd2 Bxf3 13. gxf3 Nxd4 14. Be2
Nef5 15. Rad1 Qh4 16. Ng3 Rad8 17. Nxf5 gxf5 18. Kh1 Nxf3 19. Bxf3 Rxd2 20.
Rxd2 Kh7 21. Bd1 Qh3 22. Re1 Rg8 23. f4 Re8 24. Rde2 Bxb2 25. Bxa7 Qf3+ 26. Kg1
Rg8+ 0-1

[Event "V Open"]
[Site "Crema ITA"]
[Date "2003.09.05"]
[Round "2"]
[White "Bignami, Venanzio"]
[Black "Folcini, Gaddo"]
[Result "1/2-1/2"]
[WhiteElo "1564"]
[BlackElo "1356"]
[PlyCount "93"]
[EventDate "2003.09.05"]

1. e4 d5 2. exd5 Nf6 3. Bc4 Nxd5 4. Nf3 Bg4 5. O-O e5 6. d3 Qd7 7. Nxe5 Bxd1 8.
Nxd7 Nxd7 9. Bxd5 Bxc2 10. Bxb7 Rb8 11. Re1+ Be7 12. Be4 Nc5 13. Bc6+ Kd8 14.
Na3 Bxd3 15. Rd1 Bd6 16. Be3 Rxb2 17. Bxc5 Bxc5 18. Rxd3+ Kc8 19. Rb1 Bxa3 20.
Bd7+ Kd8 21. Bf5+ Ke7 22. Re1+ Kf6 23. Rxa3 Kxf5 24. Rxa7 Kg6 25. h3 c5 26.
Ra6+ f6 27. Rc1 Rc8 28. g4 c4 29. Rc3 Re8 30. Rxc4 Ree2 31. Rf4 Kg5 32. Rf5+
Kg6 33. h4 h5 34. Rg5+ Kf7 35. Ra7+ Ke6 36. Rgxg7 Rxf2 37. gxh5 Rfd2 38. Rae7+
Kf5 39. Re1 Rh2 40. Rf1+ Ke6 41. Rg4 f5 42. Re1+ Kf6 43. Rf4 Rbg2+ 44. Kf1 Rxa2
45. Kg1 Rh3 46. Ref1 Rg3+ 47. Kh1 1/2-1/2

[Event "V Open"]
[Site "Crema ITA"]
[Date "2003.09.05"]
[Round "2"]
[White "Boninsegna, Ferdinando"]
[Black "Ferrari, Claudio"]
[Result "1/2-1/2"]
[WhiteElo "1615"]
[BlackElo "1630"]
[PlyCount "38"]
[EventDate "2003.09.05"]

1. e4 e5 2. Nc3 Bc5 3. Nf3 d6 4. Bc4 Nc6 5. d3 Nf6 6. Bg5 h6 7. Bh4 g5 8. Bg3
Bg4 9. h3 Bh5 10. Bh2 Qe7 11. g4 Bg6 12. Bb5 O-O-O 13. Bxc6 bxc6 14. Nd2 d5 15.
f3 Ne8 16. Qe2 f6 17. Nb3 d4 18. Na4 Bb6 19. c3 Ng7 1/2-1/2

[Event "V Open"]
[Site "Crema ITA"]
[Date "2003.09.05"]
[Round "2"]
[White "Bozuffi, Italo"]
[Black "Savarese, Vincenzo"]
[Result "1-0"]
[WhiteElo "1570"]
[BlackElo "1651"]
[PlyCount "51"]
[EventDate "2003.09.05"]

1. f4 d5 2. Nf3 Nf6 3. e3 e6 4. b3 c5 5. c3 Nc6 6. Bb5 Bd6 7. O-O O-O 8. Bxc6
bxc6 9. Ne5 Qc7 10. d4 Ne4 11. Ba3 f6 12. Nd3 Qa5 13. Qc1 Qb6 14. Nf2 e5 15.
Nxe4 dxe4 16. fxe5 fxe5 17. Rxf8+ Kxf8 18. Qf1+ Kg8 19. Qc4+ Kh8 20. dxc5 Qd8
21. cxd6 Bf5 22. Nd2 Qg5 23. Qe2 Bg4 24. Qf2 Qg6 25. Rf1 h6 26. Qg3 1-0

[Event "V Open"]
[Site "Crema ITA"]
[Date "2003.09.05"]
[Round "2"]
[White "Calisi, Elia"]
[Black "Scotti, Luigi"]
[Result "1-0"]
[WhiteElo "1693"]
[BlackElo "1507"]
[PlyCount "141"]
[EventDate "2003.09.05"]

1. c4 Nf6 2. Nc3 e5 3. d3 Nc6 4. Nf3 d6 5. g3 Be7 6. Bg2 Bd7 7. O-O Qc8 8. a3
Bh3 9. e3 Bxg2 10. Kxg2 a5 11. b3 O-O 12. Bb2 Qg4 13. Qc2 Rfd8 14. Nd5 Qd7 15.
Rac1 Rac8 16. Qc3 b6 17. Rfd1 Nxd5 18. cxd5 Nb8 19. Qd2 Bf6 20. e4 Na6 21. Rc6
Nb8 22. Rc3 c5 23. dxc6 Nxc6 24. Rdc1 h6 25. h4 Rc7 26. R1c2 Rdc8 27. Qc1 d5
28. b4 axb4 29. axb4 dxe4 30. dxe4 Bd8 31. Nxe5 Nxe5 32. Rxc7 Rxc7 33. Bxe5
Rxc2 34. Qxc2 f6 35. Qc4+ Kh7 36. Bd4 b5 37. Qc3 Qe6 38. f3 Qa2+ 39. Qb2 Qc4
40. Bc5 Bc7 41. Qd4 Be5 42. Qxc4 bxc4 43. Be3 c3 44. Bc1 Kg6 45. Kf2 Bd4+ 46.
Ke2 f5 47. exf5+ Kxf5 48. Kd3 Bf6 49. b5 Ke6 50. Kc4 Kd6 51. h5 Be5 52. f4 Bf6
53. Be3 Kc7 54. Kd5 c2 55. Bc1 Kb6 56. Kc4 Be7 57. Be3+ Kb7 58. Kb3 Bc5 59. Bc1
Kb6 60. Kxc2 Kxb5 61. Kd3 Bf2 62. g4 Kc5 63. Ke4 Kd6 64. Kf5 Ke7 65. Kg6 Kf8
66. Bb2 Bg3 67. Bxg7+ Kg8 68. Bxh6 Bh4 69. Bg5 Bg3 70. h6 Be1 71. Bf6 1-0

[Event "V Open"]
[Site "Crema ITA"]
[Date "2003.09.05"]
[Round "2"]
[White "Castrogiovanni, Carlo"]
[Black "Maddaloni, Giovanni"]
[Result "1-0"]
[WhiteElo "2068"]
[BlackElo "1679"]
[PlyCount "99"]
[EventDate "2003.09.05"]

1. Nf3 Nf6 2. c4 g6 3. Nc3 Bg7 4. d4 O-O 5. e4 d6 6. h3 a6 7. Be3 e5 8. Be2 h6
9. Qd2 Kh7 10. O-O-O Nc6 11. dxe5 dxe5 12. Qxd8 Rxd8 13. Rxd8 Nxd8 14. Nxe5
Nxe4 15. Nxe4 Bxe5 16. f4 Bg7 17. Rd1 Nc6 18. Bf3 Be6 19. Nc5 Bxc4 20. Nxb7 Re8
21. Bc5 Nb8 22. b3 Bb5 23. Bd4 Bc6 24. Bxc6 Nxc6 25. Bxg7 Kxg7 26. Nc5 Re2 27.
Rd2 Re1+ 28. Kb2 a5 29. Ka3 Rc1 30. Nd3 Rg1 31. Ka4 Nd4 32. Kxa5 Ne6 33. Kb5
Kf6 34. a4 Ra1 35. a5 Nd4+ 36. Kc4 Nxb3 37. Kxb3 Rxa5 38. Rc2 g5 39. Rxc7 gxf4
40. Nxf4 Rf5 41. g3 h5 42. h4 Re5 43. Kc2 Ra5 44. Kd2 Ra3 45. Rc6+ Kg7 46. Rc3
Ra1 47. Ke2 Rb1 48. Kf2 Ra1 49. Rd3 Kh6 50. Rd7 1-0

[Event "V Open"]
[Site "Crema ITA"]
[Date "2003.09.05"]
[Round "2"]
[White "Epitome, Nando"]
[Black "Cattaneo, Dario"]
[Result "1-0"]
[WhiteElo "1594"]
[BlackElo "1441"]
[PlyCount "61"]
[EventDate "2003.09.05"]

1. d4 d5 2. c4 e6 3. Nc3 Nf6 4. Nf3 b6 5. Bg5 Be7 6. e3 Ba6 7. Rc1 Bxc4 8. Bxc4
dxc4 9. Qa4+ Nfd7 10. Bxe7 Qxe7 11. Nb5 Qd8 12. Rxc4 c6 13. Nd6+ Ke7 14. Ne4
Ke8 15. Qc2 f5 16. Neg5 Qe7 17. O-O h6 18. Nh3 g5 19. Ne5 Nxe5 20. dxe5 Kf7 21.
Rd4 Rd8 22. f4 g4 23. Nf2 Rd5 24. Rfd1 h5 25. e4 Rxd4 26. Rxd4 c5 27. Rd6 Nd7
28. exf5 exf5 29. Qxf5+ Kg8 30. Rxd7 Qe8 31. Qh7+ 1-0

[Event "V Open"]
[Site "Crema ITA"]
[Date "2003.09.05"]
[Round "2"]
[White "Ferrero, Oscar"]
[Black "Borboni, Paolo"]
[Result "1/2-1/2"]
[WhiteElo "1611"]
[BlackElo "1629"]
[PlyCount "57"]
[EventDate "2003.09.05"]

1. e4 d6 2. f4 e5 3. d3 Nc6 4. c3 Nf6 5. Nf3 Bg4 6. h3 Bxf3 7. Qxf3 Qd7 8. g4
h6 9. Be3 O-O-O 10. Nd2 Kb8 11. O-O-O d5 12. fxe5 Nxe5 13. Qf5 Qe7 14. d4 Ng6
15. e5 Nd7 16. Nf3 Qe8 17. Bb5 Ne7 18. Qc2 Nc6 19. Rde1 Nb6 20. Bf2 a6 21. Bd3
g6 22. Bh4 g5 23. Bg3 Na5 24. Nd2 Qc6 25. Rhf1 Rd7 26. Rf6 Qa4 27. Qxa4 Nxa4
28. Ref1 Nb6 29. Rxf7 1/2-1/2

[Event "V Open"]
[Site "Crema ITA"]
[Date "2003.09.05"]
[Round "2"]
[White "Ficco, Corrado"]
[Black "Giannetta, Paolo"]
[Result "1-0"]
[WhiteElo "2098"]
[BlackElo "1705"]
[PlyCount "97"]
[EventDate "2003.09.05"]

1. d4 d6 2. e4 Nf6 3. Nc3 c6 4. Nf3 g6 5. Be3 Bg7 6. Qd2 h6 7. O-O-O Qc7 8. e5
Nd5 9. Nxd5 cxd5 10. Bb5+ Bd7 11. exd6 exd6 12. Bxd7+ Nxd7 13. Kb1 O-O-O 14.
Rhe1 Nf6 15. Qd3 Rhe8 16. Nd2 Kb8 17. Bf4 Nh5 18. Be3 Nf6 19. f3 Re6 20. Bf2
Rde8 21. Rxe6 Rxe6 22. Re1 Qe7 23. Rxe6 Qxe6 24. c3 Nh5 25. Be3 f5 26. a4 Nf6
27. Kc2 Nd7 28. Bf2 Nb6 29. b3 a6 30. Bg3 Kc8 31. a5 Nd7 32. b4 Nb8 33. b5 Qd7
34. c4 axb5 35. cxb5 Qc7+ 36. Kb3 Qxa5 37. Bxd6 Nd7 38. Qe2 Bxd4 39. Qe8+ Qd8
40. Qe6 Qf6 41. Qe8+ Qd8 42. Qxg6 Qg5 43. Qe8+ Qd8 44. Qe6 Qg5 45. f4 Qf6 46.
Qg8+ Qd8 47. Qxd5 Qf6 48. Qg8+ Qd8 49. Qc4+ 1-0

[Event "V Open"]
[Site "Crema ITA"]
[Date "2003.09.05"]
[Round "2"]
[White "Gilardone, Adriano"]
[Black "Brunelli, Giovanni"]
[Result "0-1"]
[WhiteElo "1837"]
[BlackElo "1642"]
[PlyCount "154"]
[EventDate "2003.09.05"]

1. e4 c5 2. c3 g6 3. d4 Qc7 4. Nf3 Bg7 5. Bd3 b6 6. O-O Bb7 7. Re1 Nf6 8. e5
Nd5 9. a3 c4 10. Be4 O-O 11. Bg5 f6 12. Bh4 e6 13. exf6 Nxf6 14. Bg3 Qc8 15.
Bxb7 Qxb7 16. Nbd2 b5 17. Bd6 Re8 18. Ng5 h6 19. Nge4 Nd5 20. Qg4 Kh7 21. h4
Nc6 22. h5 Nce7 23. Bxe7 gxh5 24. Qxh5 Rxe7 25. Nc5 Qc6 26. Qh4 Rf7 27. Qe4+
Kh8 28. Nf3 Rf4 29. Qg6 Rf6 30. Qg3 Qc8 31. Ne4 Rf8 32. Nh4 Ne7 33. Nd6 Qd8 34.
Re3 Bf6 35. Ng6+ Nxg6 36. Qxg6 Bg5 37. Rf3 Bf4 38. Nf7+ Rxf7 39. Qxf7 Bg5 40.
Re1 Qc7 41. Re4 Rg8 42. Rg4 Qd8 43. Rh3 Rg7 44. Rxh6+ Bxh6 45. Rxg7 Bxg7 46.
Qh5+ Kg8 47. Qxb5 d5 48. Qb7 Qb6 49. Qc8+ Kf7 50. Qd7+ Kf6 51. f4 Qb8 52. f5
exf5 53. Qxd5 Qc7 54. Qb5 Bh6 55. Qa6+ Kg7 56. Qe6 Qf7 57. Qe5+ Qf6 58. Qe2 Qg5
59. Qe5+ Kh7 60. Qc7+ Kg6 61. Qc6+ Kh5 62. Qe8+ Kh4 63. Qe1+ Qg3 64. Qf1 Be3+
65. Kh1 Qf2 66. Qxf2+ Bxf2 67. Kh2 Kg4 68. d5 Bc5 69. g3 Bd6 70. Kg2 Bxg3 71.
a4 f4 72. a5 f3+ 73. Kf1 Bc7 74. a6 Kf4 75. Kf2 Ke4 76. Kf1 Kd3 77. Ke1 Kc2 0-1

[Event "V Open"]
[Site "Crema ITA"]
[Date "2003.09.05"]
[Round "2"]
[White "Marchiano, Nicola"]
[Black "Lovati, Paolo"]
[Result "0-1"]
[WhiteElo "1675"]
[BlackElo "2089"]
[PlyCount "58"]
[EventDate "2003.09.05"]

1. e4 d6 2. d4 Nf6 3. Nc3 c6 4. Bg5 Nbd7 5. f4 Qb6 6. Qd2 e6 7. Nf3 h6 8. Bh4
d5 9. Bd3 dxe4 10. Nxe4 Qxb2 11. O-O Qb6 12. Rab1 Qc7 13. f5 Nxe4 14. Bxe4 Nb6
15. Ne5 Bd6 16. Bg3 exf5 17. Bxf5 O-O 18. Bd3 Be6 19. Qe2 Rae8 20. Qe4 f5 21.
Qh4 c5 22. c3 Nd5 23. Rbc1 Rf6 24. Qh5 Ref8 25. Qe2 g5 26. Be1 cxd4 27. Nc4
Bxh2+ 28. Kh1 Nf4 29. Rxf4 Bxf4 0-1

[Event "V Open"]
[Site "Crema ITA"]
[Date "2003.09.05"]
[Round "2"]
[White "Massa, Salvenrico"]
[Black "Bonazzi, Edoardo"]
[Result "1/2-1/2"]
[WhiteElo "1723"]
[BlackElo "2130"]
[PlyCount "105"]
[EventDate "2003.09.05"]

1. Nf3 Nf6 2. c4 e6 3. Nc3 d5 4. cxd5 exd5 5. d4 c6 6. Bf4 Be7 7. a3 Nbd7 8. e3
a5 9. h3 O-O 10. Bd3 Re8 11. O-O Nf8 12. Qc2 Ng6 13. Bh2 Bd6 14. Bxd6 Qxd6 15.
Rab1 Bd7 16. Na4 Ne4 17. Nb6 Ra7 18. Nxd7 Qxd7 19. Bxe4 dxe4 20. Nd2 Qd5 21.
Rfc1 Raa8 22. Qc5 Ne7 23. Qxd5 Nxd5 24. Rc5 a4 25. Rbc1 f5 26. g3 g5 27. Kf1
Re6 28. Ke2 Kf7 29. Nb1 Ra6 30. Nc3 Nxc3+ 31. R1xc3 Kf6 32. g4 fxg4 33. hxg4
Kg6 34. Rc1 Rb6 35. R1c2 Rd6 36. Ra5 Rd5 37. Rxa4 Rb3 38. Rb4 Rxb4 39. axb4 Rb5
40. Rc4 h5 41. gxh5+ Kxh5 42. f3 exf3+ 43. Kxf3 Rf5+ 44. Kg2 Rf8 45. b5 Re8 46.
bxc6 bxc6 47. Rc3 Kg4 48. b4 Ra8 49. e4 Ra2+ 50. Kf1 Rd2 51. d5 cxd5 52. exd5
Rxd5 53. Rb3 1/2-1/2

[Event "V Open"]
[Site "Crema ITA"]
[Date "2003.09.05"]
[Round "2"]
[White "Mazzariol, Oscar"]
[Black "Distratis, Gianluca"]
[Result "1-0"]
[WhiteElo "2049"]
[BlackElo "1678"]
[PlyCount "73"]
[EventDate "2003.09.05"]

1. d4 Nf6 2. c4 c5 3. d5 b5 4. cxb5 a6 5. bxa6 g6 6. Nc3 Bxa6 7. e4 Bxf1 8.
Kxf1 d6 9. Rb1 Bg7 10. Nge2 O-O 11. f3 Nbd7 12. Be3 Qa5 13. Qd2 Rfb8 14. b3 Ne8
15. g4 Nc7 16. Kg2 Rb4 17. Bg5 Kf8 18. Bh6 Rab8 19. Bxg7+ Kxg7 20. h4 Nb5 21.
h5 Nf8 22. Nxb5 Qxb5 23. Rbc1 Qa6 24. Rc2 Kg8 25. Nf4 g5 26. Nd3 h6 27. Nxb4
Rxb4 28. Rhc1 Rd4 29. Qe2 Qa5 30. Rd1 Rxd1 31. Qxd1 Nd7 32. Qd2 Qb5 33. Qc3 Ne5
34. a4 Qa6 35. Rd2 c4 36. bxc4 Nxc4 37. Rc2 1-0

[Event "V Open"]
[Site "Crema ITA"]
[Date "2003.09.05"]
[Round "2"]
[White "Menini, Luca"]
[Black "Bocci, Alessandro"]
[Result "1/2-1/2"]
[WhiteElo "1486"]
[BlackElo "1630"]
[PlyCount "96"]
[EventDate "2003.09.05"]

1. d4 d5 2. c4 e6 3. Nc3 Nf6 4. Nf3 c5 5. e3 Nc6 6. Be2 a6 7. O-O dxc4 8. Bxc4
b5 9. Bb3 c4 10. Bc2 Bb7 11. e4 Be7 12. Bg5 O-O 13. a3 h6 14. Bh4 Re8 15. Re1
Qb6 16. Re2 Rad8 17. Rd2 Na5 18. Qe2 Nh7 19. Bxe7 Rxe7 20. Rad1 Nf6 21. h3 Qc7
22. Ne5 Nc6 23. f4 Nxe5 24. fxe5 Nh7 25. h4 Red7 26. Qf2 Qa5 27. d5 exd5 28.
exd5 b4 29. axb4 Qxb4 30. d6 Nf8 31. Ba4 Ne6 32. Bxd7 Rxd7 33. Nd5 Bxd5 34.
Rxd5 c3 35. bxc3 Qxc3 36. Qf3 Qb4 37. g3 Qb2 38. Qd3 Qa2 39. Rb1 g6 40. h5 g5
41. Rc1 Kg7 42. Qf3 Qb2 43. Rf1 Qb6+ 44. Kh2 Qb2+ 45. Rf2 Qb6 46. Kg2 Qb7 47.
Rdd2 Qb5 48. Rb2 Qxe5 1/2-1/2

[Event "V Open"]
[Site "Crema ITA"]
[Date "2003.09.05"]
[Round "2"]
[White "Milan, Paolo"]
[Black "Bertoletti, Vincenzo"]
[Result "1-0"]
[WhiteElo "1537"]
[BlackElo "1338"]
[PlyCount "69"]
[EventDate "2003.09.05"]

1. c4 c5 2. Nc3 Nc6 3. g3 Nf6 4. Bg2 d6 5. e4 g6 6. Nge2 Bg7 7. O-O O-O 8. d3
a6 9. h3 Rb8 10. Bg5 Bd7 11. Qd2 Qc8 12. Kh2 h5 13. Nd5 b5 14. Rad1 Qd8 15.
Nec3 Nd4 16. Ne2 Nh7 17. Nxe7+ Kh8 18. Nxg6+ fxg6 19. Bxd8 Rbxd8 20. Nxd4 Bxd4
21. cxb5 axb5 22. Qh6 Rf6 23. f4 Rdf8 24. e5 dxe5 25. fxe5 Bxe5 26. Rxf6 Rxf6
27. Rf1 Bf5 28. Qe3 Bd4 29. Qe8+ Kg7 30. Qxb5 Re6 31. Be4 Kh6 32. a4 Bxe4 33.
dxe4 Rxe4 34. a5 Re2+ 35. Qxe2 1-0

[Event "V Open"]
[Site "Crema ITA"]
[Date "2003.09.05"]
[Round "2"]
[White "Murgia, Andrea"]
[Black "Festa, Samuele"]
[Result "1/2-1/2"]
[WhiteElo "2123"]
[BlackElo "1741"]
[PlyCount "82"]
[EventDate "2003.09.05"]

1. e4 c5 2. c3 d5 3. exd5 Qxd5 4. d4 cxd4 5. cxd4 Nc6 6. Nf3 e5 7. Nc3 Bb4 8.
Bd2 Bxc3 9. Bxc3 e4 10. Ne5 Nxe5 11. dxe5 Ne7 12. Qa4+ Bd7 13. Qa3 Qe6 14. Rd1
Nf5 15. Be2 h5 16. O-O a6 17. Kh1 Bc6 18. Rfe1 h4 19. Rd6 Nxd6 20. exd6 h3 21.
Qc5 hxg2+ 22. Kg1 O-O-O 23. Be5 Qd5 24. Qc3 f6 25. Bg3 Rxd6 26. Rd1 Qxd1+ 27.
Bxd1 Rxd1+ 28. Kxg2 e3+ 29. f3 Re8 30. Qc5 e2 31. Qf5+ Kd8 32. Qa5+ Ke7 33. Be1
Kf8 34. Kf2 Rd5 35. Qb4+ Kf7 36. Qc4 Re6 37. a4 Rf5 38. f4 Bd5 39. Qc7+ Re7 40.
Qd6 Re6 41. Qd7+ Kf8 1/2-1/2

[Event "V Open"]
[Site "Crema ITA"]
[Date "2003.09.05"]
[Round "2"]
[White "Pezzotta, Gianni"]
[Black "Martino, Antonio M."]
[Result "0-1"]
[WhiteElo "1299"]
[BlackElo "1950"]
[PlyCount "72"]
[EventDate "2003.09.05"]

1. Nf3 c5 2. c4 Nc6 3. g3 g6 4. Bg2 Bg7 5. O-O e5 6. d3 Nge7 7. Nbd2 O-O 8. Rb1
d6 9. Ne4 f5 10. Nc3 h6 11. Bd2 Be6 12. e4 Qd7 13. h3 Nd4 14. Kh2 Rf7 15. Ng1
Raf8 16. f4 Kh7 17. Nge2 b6 18. Nxd4 cxd4 19. Ne2 fxe4 20. b3 e3 21. Be1 d5 22.
Ng1 exf4 23. Rxf4 Rxf4 24. gxf4 Rxf4 25. Bg3 Rf8 26. Qe2 Nf5 27. Qe1 Nxg3 28.
Qxg3 Rf2 29. Nf3 Qf7 30. Rf1 Rxf1 31. Bxf1 dxc4 32. dxc4 Qf5 33. Bg2 d3 34. Qd6
e2 35. Kg1 Qxf3 36. Qxe6 Qg3 0-1

[Event "V Open"]
[Site "Crema ITA"]
[Date "2003.09.05"]
[Round "2"]
[White "Raffaldi, Fabrizio"]
[Black "Dallaglio, Giovanni"]
[Result "0-1"]
[WhiteElo "1606"]
[BlackElo "2034"]
[PlyCount "68"]
[EventDate "2003.09.05"]

1. e4 c6 2. d4 d5 3. e5 Bf5 4. g4 Be4 5. f3 Bg6 6. h4 h5 7. g5 e6 8. Bd3 Bxd3
9. Qxd3 Ne7 10. Nh3 Qb6 11. Nf4 g6 12. c3 Nf5 13. b4 a5 14. bxa5 Rxa5 15. Nd2
Qa7 16. Qc2 Nd7 17. Nb3 Ra4 18. Nd3 b6 19. f4 c5 20. Nb2 Rxa2 21. Rxa2 Qxa2 22.
Kf2 Be7 23. Bd2 Qa6 24. Kf3 O-O 25. Be1 c4 26. Nd2 b5 27. Nf1 b4 28. Ne3 Nxe3
29. Kxe3 b3 30. Qb1 Ra8 31. Bd2 Qc6 32. Qd1 Ra2 33. Bc1 Nb6 34. Rf1 Na8 0-1

[Event "V Open"]
[Site "Crema ITA"]
[Date "2003.09.05"]
[Round "2"]
[White "Romano, Zeno"]
[Black "Zanotti, Luca"]
[Result "1-0"]
[WhiteElo "1500"]
[BlackElo "1600"]
[PlyCount "47"]
[EventDate "2003.09.05"]

1. e4 e5 2. Nf3 d6 3. d4 exd4 4. Nxd4 a6 5. Bc4 Nf6 6. Nc3 Bd7 7. Bg5 Be7 8.
O-O h6 9. Bh4 O-O 10. f4 Bg4 11. Qd3 Bd7 12. e5 dxe5 13. fxe5 Ng4 14. Bg3 Bh4
15. h3 Bxg3 16. Qxg3 b5 17. Bd5 c6 18. Bf3 Ne3 19. Rf2 Nc4 20. Raf1 f5 21. exf6
Rxf6 22. Bd5+ Kh8 23. Rxf6 gxf6 24. Rxf6 1-0

[Event "V Open"]
[Site "Crema ITA"]
[Date "2003.09.05"]
[Round "2"]
[White "Ruggeri, Dario"]
[Black "Insabato, Giovanbattista"]
[Result "1/2-1/2"]
[WhiteElo "1714"]
[BlackElo "2122"]
[PlyCount "46"]
[EventDate "2003.09.05"]

1. e4 c5 2. Nf3 e6 3. c3 d5 4. exd5 exd5 5. Be2 Nf6 6. O-O Be7 7. d4 O-O 8.
Nbd2 cxd4 9. Nxd4 Nc6 10. N2b3 Re8 11. Bf4 Bd6 12. Bxd6 Qxd6 13. Re1 Ne5 14.
Bb5 Re7 15. f4 Nc4 16. Bxc4 dxc4 17. Rxe7 Qxe7 18. Nd2 Qe3+ 19. Kh1 Ng4 20. Qe1
Nf2+ 21. Kg1 Nh3+ 22. Kh1 Nf2+ 23. Kg1 Nh3+ 1/2-1/2

[Event "V Open"]
[Site "Crema ITA"]
[Date "2003.09.05"]
[Round "2"]
[White "Salami, Marco"]
[Black "Reduzzi, Maurizio"]
[Result "1/2-1/2"]
[WhiteElo "2177"]
[BlackElo "1749"]
[PlyCount "96"]
[EventDate "2003.09.05"]

1. e4 c5 2. Nf3 e6 3. c3 d5 4. exd5 exd5 5. d4 Nc6 6. Bb5 Bd6 7. O-O Nge7 8.
Be3 cxd4 9. Nxd4 O-O 10. Bd3 Ng6 11. Nxc6 bxc6 12. Qh5 a5 13. Bc2 Rb8 14. b3
Re8 15. Nd2 Re5 16. Qd1 Bf5 17. Bxf5 Rxf5 18. Qg4 Re5 19. Nf3 Re4 20. Qh5 Qc7
21. g3 h6 22. Rad1 Rbe8 23. Nd2 R4e5 24. Qh3 Rxe3 25. fxe3 Rxe3 26. Rf3 Qb6 27.
Kh1 Rxf3 28. Nxf3 Qe3 29. Rf1 Qxc3 30. Qc8+ Kh7 31. Qf5 Kg8 32. Re1 Ne7 33.
Rxe7 Bxe7 34. Ne5 Qe1+ 35. Kg2 Qe4+ 36. Qxe4 dxe4 37. Nxc6 Bb4 38. Kf1 f5 39.
a4 Bc3 40. Ne7+ Kf7 41. Nxf5 Ke6 42. Ne3 Kd6 43. Ke2 Kc5 44. Nc2 Bd4 45. Kd2 h5
46. h3 g5 47. g4 hxg4 48. hxg4 Bg1 1/2-1/2

[Event "V Open"]
[Site "Crema ITA"]
[Date "2003.09.05"]
[Round "2"]
[White "Scarpellini, Felice"]
[Black "Bonade', Massimo"]
[Result "0-1"]
[WhiteElo "1633"]
[BlackElo "2053"]
[PlyCount "85"]
[EventDate "2003.09.05"]

1. c4 c5 2. Nc3 Nc6 3. g3 g6 4. Bg2 Bg7 5. e4 Nf6 6. Nge2 O-O 7. O-O d6 8. f4
Bg4 9. h3 Bxe2 10. Nxe2 Qc7 11. d3 a6 12. Rb1 Rab8 13. Be3 Rfc8 14. f5 b5 15.
b3 bxc4 16. bxc4 Rxb1 17. Qxb1 Rb8 18. Qc1 Qa5 19. g4 Qxa2 20. Nf4 Rb2 21. Rf2
Rxf2 22. Bxf2 Nd7 23. Nd5 Nde5 24. Qe3 Nd7 25. Qf4 Qa1+ 26. Bf1 Qe5 27. Qc1 Nb4
28. Qa3 Nxd5 29. cxd5 Qa1 30. Qb3 Qb2 31. Qa4 Qb5 32. Qa2 a5 33. Kg2 a4 34. d4
Qb4 35. e5 dxe5 36. dxc5 Nxc5 37. Qc2 Qe4+ 38. Qxe4 Nxe4 39. Be3 gxf5 40. gxf5
Nd6 41. Bc1 Nxf5 42. Bb5 a3 43. Kf3 0-1

[Event "V Open"]
[Site "Crema ITA"]
[Date "2003.09.05"]
[Round "2"]
[White "Tamburini, Lorenzo"]
[Black "Panizzi, Giuseppe"]
[Result "0-1"]
[WhiteElo "1783"]
[BlackElo "1844"]
[PlyCount "110"]
[EventDate "2003.09.05"]

1. e4 c5 2. Nf3 Nc6 3. Bb5 g6 4. O-O Bg7 5. Re1 Nd4 6. Bc4 e6 7. Nxd4 cxd4 8.
f4 Ne7 9. d3 O-O 10. Nd2 d5 11. Bb3 dxe4 12. dxe4 b6 13. Nf3 Bb7 14. Bc4 Qc7
15. Qe2 Rac8 16. Bd3 Qc5 17. a3 Nc6 18. b4 Qd6 19. e5 Qd7 20. Bb2 Rfd8 21. b5
Ne7 22. Nxd4 Nd5 23. Qf2 Bf8 24. Kh1 Bc5 25. Qh4 Ne7 26. Nf3 Bxf3 27. gxf3 Qd5
28. Qh3 Bd4 29. Bxd4 Qxd4 30. Qg4 Nd5 31. f5 Qxg4 32. fxg4 Nf4 33. Rad1 Rd5 34.
fxe6 fxe6 35. a4 Rcc5 36. Rf1 g5 37. h4 h6 38. Be4 Rxe5 39. Rd8+ Kf7 40. Rd7+
Kf6 41. Bd3 Re3 42. Rf2 Ke5 43. hxg5 hxg5 44. Rh7 Nxd3 45. cxd3 Kd4 46. Rd2 Rd5
47. Rxa7 Rxd3 48. Rxd3+ Kxd3 49. Ra6 Rd4 50. Rxb6 Rxa4 51. Rxe6 Rxg4 52. Rf6
Rd4 53. Rf3+ Kc4 54. b6 Rd8 55. b7 Rh8+ 0-1

[Event "V Open"]
[Site "Crema ITA"]
[Date "2003.09.05"]
[Round "2"]
[White "Vecchia, Mario"]
[Black "Cocozza, Mario"]
[Result "1/2-1/2"]
[WhiteElo "1746"]
[BlackElo "2356"]
[PlyCount "81"]
[EventDate "2003.09.05"]

1. e4 c6 2. d4 d5 3. Nc3 dxe4 4. Bc4 Nf6 5. f3 e3 6. Bxe3 Nbd7 7. Nge2 g6 8.
O-O Bg7 9. Kh1 O-O 10. Bb3 b6 11. Qd2 Bb7 12. Bh6 Qc7 13. Bxg7 Kxg7 14. Ne4 c5
15. Nxf6 Nxf6 16. c3 Rad8 17. Rad1 cxd4 18. Nxd4 Qc5 19. Qc1 Rd6 20. Bc2 Rfd8
21. Nb3 Rxd1 22. Rxd1 Rxd1+ 23. Qxd1 Qf2 24. Nd4 Ba6 25. Qg1 Qd2 26. Qd1 Qe3
27. Qg1 Qe5 28. Bb3 h5 29. Nc2 e6 30. Qe3 Qf5 31. Nb4 Bb7 32. Bc2 Qb5 33. Bd3
Qd7 34. Be2 Qd6 35. Kg1 e5 36. Nd3 Nd7 37. Nf2 Nc5 38. Nd3 Nd7 39. Nf2 f6 40.
Qd3 Qe7 41. Ne4 1/2-1/2